00945nam a2200193 a 450000100100000000500170001000800410002702000180006804000250008610000350011124501020014626000440024830000360029250000700032895201200039895201050051895201110062399900170073400004650720201002052924.0150820s2015 dr c 000 0 spa d a9789945083385 aDO-SdBNPbspacBNPHU1 aFranco, Leopoldod1940-97449910aMás reflexiones cándidas, algunas paradójicas :b(cuartillas escogidas) /cLeopoldo Franco. aSanto Domingo :bEditora Búho,c2015. a274 p. :bil., retrs. ;c24 cm. aIncluye datos biográficos del autor en la solapa de la cubierta 001054708DSaGRbGRcHDd2015-08-20iLF1l0o p46507-30r2020-06-25te. 3w2020-06-25yLFDSZPréstamo en sala 0010718PDaPDbPDcHDd2015-08-20iLF1l0o p46507-10r2020-06-25w2020-06-25yLFPDZNo se presta 0010718PDaPDbPDcHDd2015-08-20iLF1l0o p46507-20r2020-06-25te. 2w2020-06-25yLFPDZNo se presta c45996d45996